Statistiques concernant Littérature commençant par la lettre H

Cliquez ici pour prendre le quiz!

Statistiques générales

  • Ce quiz a été pris 1 104 fois
  • Le résultat moyen est 12 sur 20

Statistiques - réponses

IndicesRéponses% Correct
Capitaine maladroit et souvent énervé acolyte de TintinCapitaine Haddock
94%
Frère de GretelHansel
93%
Héros mythologique qui donna son nom à un célèbre détectiveHercule
93%
Considéré comme l'un des plus grands auteurs de la langue française, sa fille mourut noyée, ce qui l'affecta beaucoupVictor Hugo
90%
Célèbre détective londonien violoniste à ses heures perduesSherlock Holmes
86%
Fils des sorciers James et LilyHarry Potter
85%
Déesse connue pour sa jalousieHéra
85%
Plus longue pièce de ShakespeareHamlet
84%
Quand Bruce Banner se transforme, il devient...Hulk
81%
Écrivain et journaliste américain auteur du roman Le Vieil Homme et la MerErnest Hemingway
74%
Équivalent grec de PlutonHadès
65%
Poète grec qui était probablement aveugleHomère
53%
Pièce de ce dernier qui consacra le genre du drame romantiqueHernani
51%
Trilogie de romans de science fiction de Suzanne CollinsHunger Games
45%
Il reçut le prix Goncourt en 2010 avec le roman La Carte et le TerritoireMichel Houellebecq
25%
Acolyte de ce détective qui a un penchant pour les femmes aux cheveux auburnArthur Hastings
18%
Fiancé d'AntigoneHémon
16%
Série jeunesse mettant en scène le personnage du même nom qui ne cesse de faire des bêtisesHorrible Henri
12%
Grand poète parnassien français pourtant né à CubaJosé-Maria de Heredia
10%
Auteur de Casse-NoisetteE.T.A Hoffmann
6%

Distribution des résultats

Percentile par nombre de réponses

% des personnes avec chaque résultat

Votre développement - résultats

Vous n’avez pas pris ce quiz